000 00159nam a2200061Ia 4500
999 _c10453
_d10453
003 OSt
005 20230408102124.0
008 170523s9999 xx 000 0 und d
040 _cIIMT UNIVERSITY
100 _aMISRA, S K
245 0 _aECONOMIC ENVIRONMENT OF BUSINESS
260 _aNEW DELHI
_bHIMALAYA
_c2012
300 _a716
942 _2ddc
_c02